| 000 | 00395nam a2200181Ia 4500 | ||
|---|---|---|---|
| 003 | 0100 | ||
| 008 | 130303s9999 xx 000 0 und d | ||
| 040 | _cARRUPELIB | ||
| 050 | _aR724.B491986 | ||
| 100 | _aMappes, Thomas A | ||
| 245 | _aBiomedical ethics | ||
| 250 | _aZembaty, Jane S | ||
| 260 | _aNY | ||
| 260 | _bMcGraw-Hill Book Co. | ||
| 260 | _C1986 | ||
| 300 | _a657p | ||
| 942 | 0 | 0 | _04 |
| 999 |
_c22640 _d22640 |
||